00399nam a2200121Ia 4500008004100000041000800041082000800049100006100057245010100118260003200219300000900251520001700260221007s9999 xx 000 0 und d aeng bPRA aPradhan Priyanka - 2K101086 & Prof. Arpita Singh - Guide aTo Study The Problem of Attrition of Workers in a Span of Six Months of Joining the Organization c2012bPune UniversityaPune a104p aSingh Arpita